Reliquias da Bahia (Brasil) /

Bibliographic Details
Main Author: Falcão, Edgard de Cerqueira, 1904-
Other Authors: Amaral, Rubens do
Format: Book
Language:Portuguese
Spanish
French
English
German
Published: Sao Paulo, Brasil : Nas Oficinas de "Graphicars", Romiti & Lanzara, 1940.
Subjects:

MARC

Tag First Indicator Second Indicator Subfields
LEADER 00000cam a2200000 a 4500
001 in00000342113
005 20151011053143.0
008 780222s1940 bl af 00010 porm
010 |a  42006495  
035 |a (OCoLC)03659893 
035 |9 ABL6274AM 
040 |a DLC  |c HVC  |d SER  |d TXA  |d UtOrBLW 
041 0 |a por  |a spa  |a fre  |a eng  |a ger 
049 |a TXAM  |c [1482837] 
050 0 0 |a N6656 B2  |b  F3 1940 
082 0 |a 709.81 
100 1 |a Falcão, Edgard de Cerqueira,  |d 1904- 
245 1 0 |a Reliquias da Bahia (Brasil) /  |c Edgard de Cerqueira Falcao. 
264 1 |a Sao Paulo, Brasil :  |b Nas Oficinas de "Graphicars", Romiti & Lanzara,  |c 1940. 
300 |a xxxvi pages, 508 pages of plates :  |b illustrations ;  |c 33 cm. 
336 |a text  |b txt  |2 rdacontent 
337 |a unmediated  |b n  |2 rdamedia 
338 |a volume  |b nc  |2 rdacarrier 
500 |a Portuguese, Spanish, French, English and German. 
500 |a Introductory note signed: Rubens do Amaral. 
650 0 |a Art  |z Brazil  |z Bahia (State) 
651 0 |a Bahia (Brazil : State)  |x Antiquities. 
700 1 |a Amaral, Rubens do. 
999 |a MARS 
999 f f |s 92e5e7ec-5048-3bd9-904d-2d714fee669a  |i a7cc3c2c-b8d7-31cc-b66b-8736f233175e  |t 0 
952 f f |p normal  |a Texas A&M University  |b College Station  |c Sterling C. Evans Library  |d Evans: Library Stacks  |t 0  |e N6656 B2 F3 1940  |h Library of Congress classification  |i unmediated -- volume  |m A14807234869 
998 f f |a N6656 B2 F3 1940  |t 0  |l Evans: Library Stacks